1237 1679 1113 1055 1691 1128 1634 1952 1073 1869 1248 1850 1577 1213 1576 1621 1477 1794 1025 1360 1550 1810 1759 1610 1866 1048 1521 1075 1450 1957 1443 1838 1878 1511 1481 1620 1360 1214 1191 1950 1303 1171 1896 1923 1537 1371 1457 1901 1842 1237 1283 1353 1286 1762 1392 1534 1710 1520 1953 1952 1321 1469 1533 1111 1781 1696 1206 1707 1616 1971 1180 1704 1210 1496 1666 1653 1771 1764 1491 1677 1224 1336 1422 1924 1511 1046 1398 1581 1974 1772 1524 1626 1547 1598 1265 1310 1648 1922 1689 BCNSPRNW ULIB Ver.6.0+V

เปลี่ยนเป็นภาษาไทย

Change to English
 แสดงรายละเอียดบรรณานุกรม
  กลับหน้าหลัก

Brief Record : Get Marc (ISO 2709) : E-mail record : QR code < ปิดหน้าต่าง
LEADER : 00000nam 2200000uu 4500
001    13399113668
003     ULIB
008    111214s2553||||th 000 0 tha d
024    9789747808483
060  4 WM140^bธ343ท
100 0  ธิติพันธ์ ธานีรัตน์
245 00 ทฤษฎีพื้นฐานเกี่ยวกับบุคลิกภาพผิดปกติในทางจิตเวช/^cธิติพันธ์ ธานีรัตน์
260    กรุงเทพฯ :^bร้านพุ่มทอง,^c2553
300    136 หน้า:^bภาพประกอบ,^c 21 ซม.
650  7 บุคลิกภาพ^xความผิดปกติ
945    ^p275^l0^i030804
945    ^p275^l0^i030805
945    ^p275^l0^i030806
995    เกษร
999 ^a ใช้งานได้ทุกระบบ
รายการนี้ยังไม่มีแท็ก
คุณยังไม่ได้ล็อกอิน คุณสามารถมีกิจกรรมร่วมกับเว็บไซต์ได้ แต่ต้องล็อกอินก่อน ::
  ล็อกอิน

รายการสื่อสารสนเทศ

ลำดับที่ ประเภท เลขเรียก/บาร์โค้ด สถานที่ สถานะ
1. วิทยาศาสตร์การแพทย์ และสุขภาพ
หนังสือสำรอง
สถานะ=หนังสือสำรอง
WM140 ธ343ท ฉ.1 
  Barcode: 030804
ห้องสมุดวิทยาเขตสวรรค์ประชารักษ์
►ส่วนจัดเก็บหนังสือเก่า สปร
บนชั้น
  ขอยืม
2. วิทยาศาสตร์การแพทย์ และสุขภาพ
วิทยาศาสตร์การแพทย์ และสุขภาพ
WM140 ธ343ท ฉ.2 
  Barcode: 030805
ห้องสมุดวิทยาเขตสวรรค์ประชารักษ์
►ส่วนจัดเก็บหนังสือเก่า สปร
บนชั้น
  ขอยืม
3. วิทยาศาสตร์การแพทย์ และสุขภาพ
วิทยาศาสตร์การแพทย์ และสุขภาพ
WM140 ธ343ท ฉ.3 
  Barcode: 030806
ห้องสมุดวิทยาเขตสวรรค์ประชารักษ์
►ส่วนจัดเก็บหนังสือเก่า สปร
บนชั้น
  ขอยืม

BibComment


ยังไม่เคยถูกคอมเมนท์

คอมเมนท์ทรัพยากรรายการนี้
  คอมเมนท์: ทฤษฎีพื้นฐานเกี่ย..


 Copyright 2026. Bcnsprnw @Library